Top 10 Most Watched Netflix Series of All Time - Statistics

General Stats
  • This quiz has been taken 2,059 times
    1,584 since last reset
  • The average score is 3 of 8
Answer Stats
Series % Correct
Stranger Things
88%
Squid Game
62%
Wednesday
38%
Money Heist
29%
Money Heist
29%
Bridgerton
27%
Dahmer
7%
Lucifer
7%
No matching quizzes found
Score Distribution
Percent of People with Each Score
Percentile by Number Answered
Your Score History
You have not taken this quiz since the last reset